000 00688nam a22001577a 4500
003 OSt
005 20150922154059.0
008 150922b xxu||||| |||| 00| 0 eng d
040 _cRUA
082 _aAGR LON 2007 B035 Or.1
100 _91130
_aLONG TITH
245 _aEffect of plant spacing on cowpea yield at the royal university of agriculture condition,(ឥទ្ធិពលចន្លោះគុម្ពលើទិន្នផលសណ្ដែកអង្គុយក្នុងលក្ខខណ្ឌសាកលវិទ្យាល័យភូមិន្ទកសិកម្ម)
260 _aphnom penh
_bRUA
_c2007
300 _ax,40p.
_cill.
_g29cm.
942 _2ddc
_cAGR
999 _c1081
_d1081